000 00526cam a2200181ua 4500
001 20792
008 160112n II |||gr||||Z||||||eng
040 _aMAIN
041 _aEnglish
082 _a580 MAH
100 _aMAHESHWARI, J.K.
245 _aETHNOBOTANY AND MEDICINAL PLANTS OF INDIAN SUBCONTINENT
260 _aJODHPUR:
_bSCIENTIFIC PUBLISHERS,
_c2003.
300 _a672:
_c26CM.
500 _aMRP - MINOR RESEARCH PROJECT BOOK by Prof Bimal Dutta,Botany,SGC 23-01-2015
653 _aPlants (Botany)
942 _cBK
999 _c20652
_d20652